Agencia de Viajes UPSSA Travel : servicio al cliente (Registro nro. 8567)
[ vista simple ]
| 000 -LEADER | |
|---|---|
| fixed length control field | 00476nmm a22001817a 4500 |
| 005 - DATE AND TIME OF LATEST TRANSACTION | |
| control field | 20161103145409.0 |
| 008 - FIXED-LENGTH DATA ELEMENTS--GENERAL INFORMATION | |
| fixed length control field | 161101b xxu||||| |||| 00| 0 spa d |
| 041 ## - LANGUAGE CODE | |
| Language code of text/sound track or separate title | spa |
| 082 ## - DEWEY DECIMAL CLASSIFICATION NUMBER | |
| Classification number | TU 13 |
| 100 ## - MAIN ENTRY--AUTHOR NAME | |
| Personal name | Valverde Fallas, Yuliana |
| 245 ## - TITLE STATEMENT | |
| Title | Agencia de Viajes UPSSA Travel : servicio al cliente |
| 260 ## - PUBLICATION, DISTRIBUTION, ETC. (IMPRINT) | |
| Year of publication | 2014 |
| 650 ## - SUBJECT ADDED ENTRY--TOPICAL TERM | |
| Topical Term | COSTA RICA |
| 700 ## - ADDED ENTRY--PERSONAL NAME | |
| Personal name | TURISMO |
| 710 ## - ADDED ENTRY--CORPORATE NAME | |
| Corporate name or jurisdiction name as entry element | AGENCIA DE VIAJES |
| 856 ## - ELECTRONIC LOCATION AND ACCESS | |
| Uniform Resource Identifier | SERVICIO AL CLIENTE |
| 942 ## - ADDED ENTRY ELEMENTS (KOHA) | |
| Tipo de ítem | Informe de Práctica |
| Withdrawn status | Estado | Estado físico | Not for loan | Total Checkouts | Clasificación | Número de inscripción | Date last seen | Price effective from | Tipo de ítem |
|---|---|---|---|---|---|---|---|---|---|
| TU 13 | TU13 | 01/11/2016 | 01/11/2016 | Informe de Práctica |